| 000 | 00000nam 2200000zi 4500 |
| 001 | 9.900909 |
| 003 | CaOODSP |
| 005 | 20221107175533 |
| 006 | m o d f |
| 007 | cr |n||||||||| |
| 008 | 210618s2021 onc ob f|0| 0 fre d |
| 040 | |aCaOODSP|bfre|erda|cCaOODSP |
| 043 | |an-cn--- |
| 086 | 1 |aXC73-1/1-432-3F-PDF |
| 110 | 1 |aCanada. |bParlement. |bChambre des communes. |bComité permanent de l'accès à l'information, de la protection des renseignements personnels et de l'éthique, |eauteur, |eorganisme de publication. |
| 245 | 10|aAssurer la protection de la vie privée et de la réputation sur les plateformes comme Pornhub / |cle président, Chris Warkentin. |
| 264 | 1|a[Ottawa] : |bChambre des communes, Canada = House of Commons, Canada, |c2021. |
| 300 | |a1 ressource en ligne (viii, 63 pages) |
| 336 | |atexte|btxt|2rdacontent/fre |
| 337 | |ainformatique|bc|2rdamedia/fre |
| 338 | |aressource en ligne|bcr|2rdacarrier/fre |
| 490 | 1 |aRapport du Comité permanent de l'accès à l'information, de la protection des renseignements personnels et de l'éthique ; |v3e rapport, 43é législature, 2e session |
| 500 | |aPublié aussi en anglais sous le titre : Ensuring the protection of privacy and reputation on platforms such as Pornhub. |
| 500 | |aPublié aussi en format HTML. |
| 500 | |a« Juin 2021. » |
| 504 | |aComprend des références bibliographiques. |
| 520 | |a« De récents signalements de matériel d’exploitation sexuelle d’enfants (MESE) et d’autres contenus non consensuels sur la plateforme pour adultes Pornhub ont amené le Comité permanent de l’accès à l’information, de la protection des renseignements personnels et de l’éthique (le Comité) à entreprendre une étude sur la protection de la vie privée et dela réputation sur des plateformes comme Pornhub. Cette étude a permis au Comité dejeter un œil sur le monde des sites Web pour adultes et sur la manière dont les pratiques de modération du contenu ont échoué à protéger la vie privée et la réputation des personnes en ligne »--Sommaire, page 1. |
| 650 | 6|aAbus sexuels à l'égard des enfants|xDroit|zCanada. |
| 650 | 6|aPornographie sur Internet|xDroit|zCanada. |
| 650 | 6|aDroit à la vie privée|zCanada. |
| 700 | 1 |aWarkentin, Chris,|d1978- |
| 775 | 08|tEnsuring the protection of privacy and reputation on platforms such as Pornhub / |w(CaOODSP)9.900908 |
| 830 | #0|aRapport du Comité permanent de l'accès à l'information, de la protection des renseignements personnels et de l'éthique ;|v3e rapport, 43é législature, 2e session.|w(CaOODSP)9.503453 |
| 856 | 40|qPDF|s3.12 Mo|uhttps://publications.gc.ca/collections/collection_2021/parl/xc73-1/XC73-1-1-432-3-fra.pdf |
| 856 | 4 |qHTML|sS.O.|uhttps://www.noscommunes.ca/DocumentViewer/fr/43-2/ETHI/rapport-3 |